| 000 | 00948nam a2200265Ia 4500 | ||
|---|---|---|---|
| 003 | OSt | ||
| 005 | 20220927114959.0 | ||
| 006 | a|||||r|||| 00| 0 | ||
| 007 | ta | ||
| 008 | 220926b |||||||| |||| 00| 0 eng d | ||
| 024 | _a50188 | ||
| 037 | _cThesis and Dissertations | ||
| 040 |
_aRTL _cRTL _beng |
||
| 041 |
_2eng _aeng |
||
| 082 | _a"X:8F:(D6,9(B).2.N9, N6" | ||
| 100 |
_aBansal Anjula Rani _9389803 |
||
| 110 |
_aUniversity of Delhi. Faculty of- Commerce and business _9389804 |
||
| 245 | 0 | _aAccounting in information and mangerial decisions | |
| 260 |
_aDelhi _bUniversity of Delhi India _c1996 |
||
| 300 |
_a"1160p. Bib at the end ,Appendix various pages" _ccm. |
||
| 650 |
_aAccounts Management _9353017 |
||
| 700 |
_aUniversity of Delhi. Faculty of- Commerce and business _9389805 |
||
| 942 |
_h"X:8F:(D6,9(B).2.N9, N6" _cCC |
||
| 999 |
_c705306 _d705306 |
||